000
00273nam a2200109Ia 4500
005
20251222154311.0
008
251222s9999||||xx |||||||||||||| ||spa||
082
_a
700/G23
100
_a
"García Mahiques, Rafael"
245
0
_a
Arte: Orientación Universitaria
942
_c
LIB
999
_c
33384
_d
33384